<?xml version="1.0" encoding="UTF-8"?>
<marc:record xmlns:marc="http://www.loc.gov/MARC21/slim">
   <marc:leader>00000nam a2200000 a 4500</marc:leader>
   <marc:datafield ind1="1" ind2=" " tag="100">
      <marc:subfield code="a">Withers, Sara</marc:subfield>
      <marc:subfield code="4">ctb</marc:subfield>
      <marc:subfield code="e">Mitwirkende/-r</marc:subfield>
   </marc:datafield>
   <marc:datafield ind1="1" ind2=" " tag="100">
      <marc:subfield code="a">Schumann, Claudia</marc:subfield>
      <marc:subfield code="4">trl</marc:subfield>
      <marc:subfield code="e">Übersetzer/-in</marc:subfield>
   </marc:datafield>
   <marc:datafield ind1=" " ind2=" " tag="653">
      <marc:subfield code="a">Modeschmuck</marc:subfield>
   </marc:datafield>
   <marc:datafield ind1=" " ind2=" " tag="653">
      <marc:subfield code="a">Basteln</marc:subfield>
   </marc:datafield>
   <marc:datafield ind1=" " ind2=" " tag="653">
      <marc:subfield code="a">Chain-Mail</marc:subfield>
   </marc:datafield>
   <marc:datafield ind1=" " ind2=" " tag="653">
      <marc:subfield code="a">Chainmail</marc:subfield>
   </marc:datafield>
   <marc:datafield ind1=" " ind2=" " tag="653">
      <marc:subfield code="a">Drahtschmuck</marc:subfield>
   </marc:datafield>
   <marc:datafield ind1=" " ind2=" " tag="653">
      <marc:subfield code="a">Schmuck</marc:subfield>
   </marc:datafield>
   <marc:datafield ind1=" " ind2=" " tag="653">
      <marc:subfield code="a">Draht</marc:subfield>
   </marc:datafield>
   <marc:datafield ind1=" " ind2=" " tag="653">
      <marc:subfield code="a">Silberschmieden</marc:subfield>
   </marc:datafield>
   <marc:datafield ind1=" " ind2=" " tag="653">
      <marc:subfield code="a">Biegeringe</marc:subfield>
   </marc:datafield>
   <marc:datafield ind1=" " ind2=" " tag="653">
      <marc:subfield code="a">Softcover / Ratgeber/Hobby</marc:subfield>
   </marc:datafield>
   <marc:datafield ind1=" " ind2=" " tag="653">
      <marc:subfield code="a">Haus/Kreatives Gestalten</marc:subfield>
   </marc:datafield>
   <marc:datafield ind1=" " ind2=" " tag="653">
      <marc:subfield code="a">Anleitung</marc:subfield>
   </marc:datafield>
   <marc:datafield ind1="0" ind2="0" tag="245">
      <marc:subfield code="a">Die Enzyklopädie der Drahtschmuck-Techniken</marc:subfield>
   </marc:datafield>
   <marc:datafield ind1="0" ind2="0" tag="245">
      <marc:subfield code="b">ein Kompendium aus Schritt-für-Schritt-Anleitungen für Schmuck aus Draht</marc:subfield>
   </marc:datafield>
   <marc:datafield ind1="0" ind2="0" tag="245">
      <marc:subfield code="c">Sara Withers. Mit Xuella Arnold und Elise Mann. [Übers.: Claudia Schumann</marc:subfield>
   </marc:datafield>
   <marc:datafield ind1=" " ind2="1" tag="264">
      <marc:subfield code="a">Bergheim</marc:subfield>
      <marc:subfield code="b">Creanon</marc:subfield>
      <marc:subfield code="c">2012</marc:subfield>
   </marc:datafield>
   <marc:datafield ind1="1" ind2=" " tag="520">
      <marc:subfield code="a">Angaben aus der Verlagsmeldung

Die Enzyklopädie der Drahtschmuck Techniken : Ein Kompendium aus Schritt-für-Schritt-Anleitungen für Schmuck aus Draht The Encylopedia of Wire Jewelry Techniques / von Sara Withers

Als Pflichtlektüre für alle, die gern selbst Schmuck herstellen, enthält dieses Buch alles, was Sie über Draht wissen müssen, um selbst einzigartige und bestechende Designs zu kreieren. Ob Sie bereits in der Schmuckherstellung bewandert und auf der Suche nach der nächsten Erfahrungsstufe, oder eine absolute Anfängerin sind, Die Enzyklopädie der Drahtschmuck Techniken wird für Sie ein unverzichtbares Nachschlagewerk sein.
- Lernen Sie mithilfe von bebilderten Anleitungen, wie Sie Draht bearbeiten müssen, um Ohrringe, Ringe, Anhänger, Halsketten, Tiaras und Broschen herzustellen.
- Kombinieren Sie Draht mit Perlen und Steinen, vom einfachen Auffädeln bis zum komplexen Wickeln, und erhalten Sie einzigartige Stücke.
- Spielen und experimentieren Sie mit verschiedenen Drahtsorten, von Edelmetalldrähten bis zu Elektro- und recycelten Drähten.
- Steigern Sie sich von grundsätzlichen Drahttechniken zu den fortgeschrittenen Fertigkeiten, wie zum Beispiel der Herstellung von Biegeringen, dem einfachen Löten und der Verwendung von Chemikalien, um das Aussehen der Drähte zu verändern.
</marc:subfield>
   </marc:datafield>
   <marc:datafield ind1=" " ind2=" " tag="020">
      <marc:subfield code="a">9783940577139</marc:subfield>
      <marc:subfield code="9">9783940577139</marc:subfield>
   </marc:datafield>
   <marc:datafield ind1=" " ind2=" " tag="041">
      <marc:subfield code="a">ger</marc:subfield>
   </marc:datafield>
   <marc:datafield ind1=" " ind2=" " tag="300">
      <marc:subfield code="a">160 S.</marc:subfield>
   </marc:datafield>
</marc:record>
